000 01083nmm a2200313 a 4500
001 ocm000639957
003 TR-IsHL
005 20201028125922.0
008 130927s2005 tu tur
007 cr cn
020 _a9789755129778
035 _a639957
_b(N$T)
050 0 4 _aLC93.E97
_bA2 2005
090 0 4 _aLC93.E97
_bA2 2005
245 1 0 _aAB eğitim programları'na katılım, seminer, 29-04-2005
_h[electronic resource]
250 _a1. bs.
260 _aİstanbul :
_bİstanbul Ticaret Odası,
_c2005
300 _a44 p.
650 4 _aEğitim
650 4 _aEducation
650 0 _aEğitim ve devlet
_x Avrupa Birliği ülkeleri
650 0 _aEducation and state
_x European Union countries
650 0 _aEğitim ve devlet
_x Türkiye
650 0 _aEducation and state
_x Turkey
650 0 _aMesleki eğitim
_x Avrupa Birliği ülkeleri
650 0 _aVocational education
_x European Union countries
650 7 _aEDUCATION / Vocational
_2bisacsh
856 4 0 _uhttp://search.ebscohost.com/login.aspx?direct=true&scope=site&db=e011xww&AN=639957
999 _c3743
_d3743